[Event "Regionalliga NW 0304"]
[Site "Bayern"]
[Date "2003.11.02"]
[Round "2.8"]
[White "Weigand, Hans Christian"]
[Black "Goebel, Tobias"]
[Result "1-0"]
[WhiteElo "1830"]
[BlackElo "1591"]
[PlyCount "123"]
[EventDate "2003.10.12"]
[EventType "team-tourn"]
[EventRounds "9"]
[EventCountry "GER"]
[SourceTitle "EXT 2006"]
[Source "ChessBase"]
[SourceDate "2005.11.24"]
[SourceVersion "1"]
[SourceVersionDate "2005.11.24"]
[SourceQuality "1"]
[WhiteTeam "Kronach"]
[BlackTeam "Klingenberg"]
[WhiteTeamCountry "GER"]
[BlackTeamCountry "GER"]

1. c4 e5 2. Nc3 Nf6 3. g3 Bc5 4. Bg2 Nc6 5. e3 0-0 6. Nge2 d6 7. 0-0 Be6 8. d4 exd4 9. exd4 Nxd4 10. Nxd4 Bxc4 11. Re1 c6 12. b3 Ba6 13. Bg5 h6 14. Be3 Bb4 15. Qd2 Qa5 16. Rec1 Ng4 17. a3 Qh5 18. h3 Nxe3 19. axb4 Nxg2 20. Kxg2 Rac8 21. Qf4 d5 22. Re1 Rfe8 23. Nf5 Rcd8 24. g4 Qg5 25. Qxg5 hxg5 26. Na4 g6 27. Ng3 d4 28. Rxe8+ Rxe8 29. Nc5 d3 30. Nxa6 bxa6 31. Kf3 Rb8 32. Rd1 Rxb4 33. Rxd3 a5 34. Rc3 Kg7 35. Ne4 f6 36. Rxc6 Rxb3+ 37. Kg2 f5 38. Rc7+ Kf8 39. gxf5 gxf5 40. Nxg5 a4 41. Rxa7 a3 42. h4 Kg8 43. h5 Rb4 44. Rxa3 Kg7 45. Rg3 f4 46. Rh3 Kf6 47. h6 Rb8 48. h7 Rh8 49. Ne4+ Kf5 50. Kf3 Ke5 51. Rh5+ Ke6 52. Kxf4 Rf8+ 53. Kg5 Rh8 54. Kg6 Ke7 55. Kg7 Rf8 56. Re5+ Kd7 57. Kxf8 Kc6 58. h8Q Kb7 59. Qf6 Kc8 60. Re7 Kd8 61. Qb6+ Kc8 62. Nd6# 1-0